000
00294nam a22001097a 4500
041
_a
eng
080
_a
81
090
_b
АРА
100
_a
Аракин, В. Д.
245
_a
Сравнительная типология английского и русского языков
999
_c
282246
_d
282246
942
_c
BK